LEADER 00908cam0-22003251i-450- 001 990006235480403321 005 19980601 010 $a88-14-04965-3 035 $a000623548 035 $aFED01000623548 035 $a(Aleph)000623548FED01 035 $a000623548 100 $a19980601d1994----km-y0itay50------ba 101 0 $aita 102 $aIT 105 $ay-------001yy 200 1 $a<>condominio negli edifici$erassegna di giurisprudenza$fAngelo Jannuzzi, Giovanni Iannuzzi 205 $a5. ed. 210 $aMilano$cGiuffrè$dc1994 215 $aIX, 689 p.$d24 cm 676 $a346.0433$v20$zita 700 1$aJannuzzi,$bAngelo$0110878 701 1$aIannuzzi,$bGiovanni$0405153 801 0$aIT$bUNINA$gRICA$2UNIMARC 901 $aBK 912 $a990006235480403321 952 $aVIII E 269$b28233*$fFGBC 959 $aFGBC 996 $aCondominio negli edifici$9636601 997 $aUNINA LEADER 01398nam0 22002651i 450 001 UON00191446 005 20231205103216.635 100 $a20030730f |0itac50 ba 101 $aeng 102 $aGB 105 $a|||| ||||| 200 1 $aRural rides in the countries of Surrey, Kent, Sussex, Hampshire, Wiltshire, Gloucestershire, Herefordshire, Worchestershire, Somersetshire, Oxforshire, Berkshire, Essex, Suffolk, Norfolk and Hertfordshire$fWilliam Cobbett$gedited with notes and introduction by E.W. Martin$gillustrated with cartoons by Gillray 210 $aLondon$cMacdonald$d1958 215 $axli, 499 p.$d19 cm. 620 $aGB$dLondon$3UONL003044 676 $a820$cLetteratura inglese e antico inglese$v21 700 1$aCOBBETT$bWilliam$3UONV047274$0195253 702 1$aMARTIN$bE.W.$3UONV177404 712 $aMacDonald$3UONV248198$4650 801 $aIT$bSOL$c20240220$gRICA 899 $aSIBA - SISTEMA BIBLIOTECARIO DI ATENEO$2UONSI 912 $aUON00191446 950 $aSIBA - SISTEMA BIBLIOTECARIO DI ATENEO$dSI Angl IV A COB 04 $eSI SI 341 5 04 996 $aRural rides in the countries of Surrey, Kent, Sussex, Hampshire, Wiltshire, Gloucestershire, Herefordshire, Worchestershire, Somersetshire, Oxforshire, Berkshire, Essex, Suffolk, Norfolk and Hertfordshire$91293830 997 $aUNIOR